000 00395nam a22001697a 4500
005 20160624114130.0
008 160624b xxu||||| |||| 00| 0 eng d
020 _a978-81-203-3042-9
041 _aeng
082 _b9502
100 _aPrerman, Barry and Evans Joel R
_92641
245 _aRetail Management
260 _bPHI
_c2008
300 _a633
650 _aManagement
_9241
942 _cBK
999 _c3794
_d3793